| 000 | 00647nam a2200181Ia 4500 | ||
|---|---|---|---|
| 003 | GCL | ||
| 008 | 140319s9999 xx 000 0 ara d | ||
| 040 |
_aGCL / _cGCL |
||
| 082 | 0 | 4 |
_a219.3 _bط م |
| 100 | 1 | _aطارق البشرى | |
| 245 | 1 | 0 |
_aالملامح العامة للفكر السياسى الاسلامى فى التاريخ المعاصر / _cطارق البشرى |
| 300 | _a95 ص | ||
| 490 |
_aالهيئة العامة للاستعلامات _v0 |
||
| 650 | 0 | 4 | _aالاسلام |
| 650 | 0 | 4 | _aالاسلام - النظام السياسى |
| 650 | 0 | 4 | _aالاسلام وقضايا الاصلاح السياسى |
| 942 |
_2ddc _cBK |
||
| 999 |
_c49725 _d49725 |
||